Capitales asiatiques en T - Statistiques

Statistiques générales
  • Ce quiz a été pris 81 fois
  • Le résultat moyen est 4 sur 6
Statistiques - réponses
Réponse % Correct
Tokyo
85%
Téhéran
82%
Taipei
67%
Tachkent
64%
Tbilissi
59%
Thimphou
48%
Aucun quiz correspondant
Distribution des résultats
% des personnes avec chaque résultat
Percentile par nombre de réponses
Votre historique - résultats
Vous n’avez pas pris ce quiz